000 01036nam a22002415i 4500
001 165341
003 ES-MaACL
005 20250828004911.0
008 050819s1900 gw a | |||||||| ||ger d
040 _aCAM
_bspa
_cCAM
100 1 _aSigismund, Berthold.
_9132723
245 1 0 _aBerthold Sigismund's Ausgewählte Schriften /
_cherausgegeben ... von Dr. Karl Markscheffel.
260 _aLangensalza :
_bHermann Beyer & Söhne,
_c1900.
300 _aL, 496 p. :
_bil. ;
_c21 cm.
490 1 _aBibliothek Pädagogischer Klassiker / ... herausgegeben von Friedrich Mann ;
_v39
598 _aTit. de la serie consta en port. enfrentada y el nº de la serie consta en la cub. original.
650 7 _aPedagogía
_2embne
_915904
700 1 _aMarkscheffel, Karl,
_eed. lit.
_9129513
752 _aAlemania -
_dLangensalza
830 0 _aBibliothek Pädagogischer Klassiker / ... herausgegeben von Friedrich Mann ;
_v39
_9188307
852 _aES-MaACL
_jG-15191
_z-- Enc. hol. conservando la cub. original
999 _c165341
_d165341